Network marketing : El nuevo paradigma empresarial
সংরক্ষণ করুন:
| প্রধান লেখক: | |
|---|---|
| বিন্যাস: | গ্রন্থ |
| ভাষা: | Spanish |
| প্রকাশিত: |
México : ExiEditores
1995
|
| বিষয়গুলি: | |
| ট্যাগগুলো: |
ট্যাগ যুক্ত করুন
কোনো ট্যাগ নেই, প্রথমজন হিসাবে ট্যাগ করুন!
|
MARC
| LEADER | 00000nam a2200000Ia 4500 | ||
|---|---|---|---|
| 003 | 001942 | ||
| 005 | 20221231143951.0 | ||
| 008 | 140114s1995 mx a 000 ||spa d | ||
| 040 | |c cru CEDI | ||
| 082 | |a 658.409 J51n | ||
| 100 | |a Jenis y Garcini, Joaquín |9 21013 | ||
| 245 | |a Network marketing : El nuevo paradigma empresarial | ||
| 260 | |a México : ExiEditores |c 1995 | ||
| 300 | |a 121 páginas | ||
| 650 | |x EXITO EN LOS NEGOCIOS |x REDES DE NEGOCIOS |x RELACIONES HUMANAS |x RELACIONES PUBLICAS |9 21014 | ||
| 942 | |2 ddc |c BK | ||
| 999 | |c 14931 |d 14931 | ||
